000 00561nam a2200181 i 4500
001 22748
003 ES-MaACL
005 20231227184954.0
007 t|
008 021204s1914 sp ||||1| spa d
100 1 _aAlvarez Puente, Manuel R.
_920918
245 1 0 _aAnhelos /
_cManuel R. Alvarez Puente ; prólogo de Federico García Sanchiz.
260 _aMadrid :
_b[s.n.,
_c1914] (
_fImp. Alemana)
300 _a264 p. ;
_c22 cm.
700 1 _aGarcía Sanchiz, Federico,
_d1886-1964
_955269
852 _aES-MaACL
_jF-4437
999 _c22748
_d22748